The implications of recent accounting standards for valuers and their clients (Record no. 105123)

MARC details
000 -LEADER
fixed length control field 01041cam a2200229 4500
001 - CONTROL NUMBER
control field ##L132392
008 - FIXED-LENGTH DATA ELEMENTS--GENERAL INFORMATION
fixed length control field 060202n1998 000 0 eng u
035 ## - SYSTEM CONTROL NUMBER
System control number (Sirsi) u132392
041 0# - LANGUAGE CODE
Language code of text/sound track or separate title eng
050 04 - LIBRARY OF CONGRESS CALL NUMBER
Classification number 333.332 $2 18
110 2# - MAIN ENTRY--CORPORATE NAME
Corporate name or jurisdiction name as entry element Property Valuation Forum
9 (RLIN) 3589
245 04 - TITLE STATEMENT
Title The implications of recent accounting standards for valuers and their clients
260 ## - PUBLICATION, DISTRIBUTION, ETC.
Place of publication, distribution, etc. [S.l]
Name of publisher, distributor, etc. [s.n.]
Date of publication, distribution, etc. 1998
300 ## - PHYSICAL DESCRIPTION
Extent 1
Type of unit v
Dimensions 30cm.
505 #0 - FORMATTED CONTENTS NOTE
Formatted contents note Accounting Standards Board proposals for property valuation and depreciation under FRED 17 - FRED 17 - measurement of tangible fixed assets: implications for valuers and their clients
520 ## - SUMMARY, ETC.
Summary, etc. Seminar Programme and papers on accounting standards for valuers and their clients held on Thursday 5 March 1998 at the Royal Institution of Chartered Surveyors in Great George Street.
690 ## - LOCAL SUBJECT ADDED ENTRY--TOPICAL TERM (OCLC, RLIN)
Topical term or geographic name as entry element PROPERTY-PROPERTY VALUATION AND APPRAISAL
700 1# - ADDED ENTRY--PERSONAL NAME
Personal name Baldwin, Richard
710 2# - ADDED ENTRY--CORPORATE NAME
Corporate name or jurisdiction name as entry element Royal Institution of Chartered Surveyors
9 (RLIN) 4900
710 2# - ADDED ENTRY--CORPORATE NAME
Corporate name or jurisdiction name as entry element Accounting Standards Board
9 (RLIN) 3454
942 ## - ADDED ENTRY ELEMENTS (KOHA)
Suppress in OPAC 0
Holdings
Withdrawn status Lost status Source of classification or shelving scheme Damaged status Not for loan Home library Current library Shelving location Date acquired Total Checkouts Full call number Barcode Date last seen Copy number Price effective from Koha item type
    Dewey Decimal Classification     London London Basement 02/02/2006   SHELF 206 30058542 06/08/2019 1 06/08/2019 Book